000 00211 a2200097 4500
001 57564
100 _a
245 _aEnglish vocabulary in use
260 _aUK
_bCambridge
_c2003
090 _c35298
_d35298
942 _aNUST-CAE
_cMONOGRAPH
_c28111
999 _c292637
_d292637